| 000 | 01027nam0a22002771 4500 | ||
|---|---|---|---|
| 001 | rc\4326207 | ||
| 005 | 20250612050828.0 | ||
| 021 |
_aRU _b[58-16897] |
||
| 035 | _a(NLR Aleph) 008515322 | ||
| 090 |
_a8194654 _c8194654 |
||
| 100 | _a20130416d1958 |||y0rusy50 ca | ||
| 101 | 0 | _arus | |
| 102 | _aRU | ||
| 105 | _ay z ||||| | ||
| 200 | 1 |
_aИсторические взгляды декабристов _fАкад. наук СССР. Ин-т истории. Ленингр. отд-ние |
|
| 210 |
_aМосква _aЛенинград _cИзд-во Акад. наук СССР. [Ленингр. отд-ние] _d1958 |
||
| 215 |
_a461 с. _d20 |
||
| 300 | _aРезюме на фр. яз. | ||
| 320 | _aБиблиогр. в подстроч. примеч. | ||
| 606 |
_aДекабристы _xИсторические взгляды _2psbo |
||
| 700 | 1 |
_aВолк _bС.С. _gСтепан Степанович |
|
| 801 | 0 |
_aRU _bNLR _gpsbo |
|
| 801 | 1 |
_aRU _bELAR _2rusmarc |
|
| 852 |
_aNLR _j58-3/1696 |
||
| 942 | _cBOOK | ||
| 980 | _aNB | ||